00371nam a22000977a 450000500170000010000690001724501090008626000270019530000090022270000420023120260629130845.0 aAmeer Mukhtiar a21-MSIT-08aSupervisor - Dr. Saima Siraj Soomro aImage Based Tomato Disease Classification Using Efficientnet A Comparative Study with VGG-16 (Thesis MS) aNawabshahbQUESTc2025 a86p. aDepartment of Information Technology